| 000 | 01857nam a2200565 i 4500 | ||
|---|---|---|---|
| 001 | 46549 | ||
| 003 | KOSZ 005 | ||
| 005 | 20200731110133.0 | ||
| 008 | 980410s1998 pl a f |000 0 pol | ||
| 015 | _aUWD 1998/3981 | ||
| 020 | _a8302033405 | ||
| 020 | _a8302045144 | ||
| 035 | _a991003536769705066 | ||
| 035 | _a(PL-WaBN)b10948260-48omnis_nlop | ||
| 035 | _ab10948260 | ||
| 035 | _a(OCoLC)749333963 | ||
| 035 | _a(PL)b0000001094826 | ||
| 035 | _a(EXLNZ-48OMNIS_NETWORK)9910255842205606 | ||
| 040 |
_aWA N _cWA N _dKOSZ 005/HR |
||
| 080 | _a664.017 | ||
| 080 | _a63 | ||
| 080 | _a66.017 | ||
| 080 | _a641.5 | ||
| 080 | _a640.43/.44 | ||
| 080 | _a(075.3) | ||
| 100 | 1 |
_aŁuszczki, Barbara _eAutor |
|
| 245 | 1 | 0 |
_aTechnologia gastronomiczna z towaroznawstwem. _nCz. 3 / _cBarbara Łuszczki. |
| 250 | _aWyd. 3. | ||
| 260 |
_aWarszawa : _bWydawnictwa Szkolne i Pedagogiczne, _c1998. |
||
| 300 |
_a234, [2] s. : _bfot., rys. ; _c21 cm. |
||
| 336 |
_aTekst _btxt _2rdacontent |
||
| 337 |
_aBez urządzenia pośredniczącego _bn _2rdamedia |
||
| 338 |
_aWolumin _bnc _2rdacarrier |
||
| 380 | _aKsiążki | ||
| 380 | _aPublikacje dydaktyczne | ||
| 385 |
_mPoziom nauczania _aSzkoły wyższe |
||
| 388 | _a1901-2000 | ||
| 388 | _a1989-2000 | ||
| 500 | _aCz. 1 i 2 pod hasłem : Kopta Antonina, Łuszczki Barbara | ||
| 504 | _aBibliogr. s. [236]. | ||
| 521 | _aDla uczniów kl. III szkoły zasadniczej. | ||
| 650 | 7 |
_aTechnologia żywności _2DBN |
|
| 650 | 7 |
_aŻywność _2DBN |
|
| 650 | 7 | _aTowaroznawstwo | |
| 655 | 7 |
_aPodręczniki dla szkół zawodowych _2DBN |
|
| 710 | 2 |
_aWydawnictwa Szkolne i Pedagogiczne _4pbl |
|
| 856 |
_uhttp://koha.tu.koszalin.pl/cgi-bin/koha/opac-detail.pl?biblionumber=46549 _yKatalog online BPK |
||
| 942 |
_2UKD _cKS |
||
| 999 |
_c46549 _d46549 |
||